| 000 | 00537nam a2200145 i 4500 | ||
|---|---|---|---|
| 001 | 182248 | ||
| 003 | ES-MaACL | ||
| 005 | 20230906221550.0 | ||
| 008 | 130725s1900 sp l |||| | spa d | ||
| 245 | 0 | 0 | _aDisposiciones vigentes relativas a organización de la segunda enseñanza y a personal docente de los institutos. |
| 260 |
_aMadrid : _bLa Segunda Enseñanza, _c1900 ( _fTip. Lit. de J. Corrales) |
||
| 300 |
_a138 p. ; _c18 cm. |
||
| 650 | 4 |
_aEnseñanza secundaria- _zEspaña- _vLegislación. _9153098 |
|
| 852 |
_aES-MaACL _jT-961-F-5 |
||
| 999 |
_c182248 _d182248 |
||